Pays les plus proches de Viêt-Nam (avec une carte) - Statistiques

Statistiques générales
  • Ce quiz a été pris 344 fois
  • Le résultat moyen est 16 sur 20
Réponses sur la Carte
Les réponses sont colorées sur une échelle allant du rouge au vert en fonction du pourcentage des utilisateurs qui les ont devinées à leur premier essai. Vous pouvez retrouver ces pourcentages ci-dessous.
 
Statistiques - réponses
pays % Correct
Chine
99%
Laos
94%
Cambodge
93%
Inde
92%
Thaïlande
92%
Indonésie
91%
Malaisie
87%
Philippines
85%
Birmanie
84%
Japon
84%
Népal
81%
Corée du Sud
78%
Bhoutan
77%
Taïwan
77%
Bangladesh
76%
Corée du Nord
72%
Sri Lanka
68%
Mongolie
64%
Singapour
58%
Brunei
52%
Aucun quiz correspondant
Distribution des résultats
% des personnes avec chaque résultat
Percentile par nombre de réponses
Votre historique - résultats
Vous n’avez pas pris ce quiz